1414 1087 1821 1338 1544 1524 1810 1627 1264 1048 1673 1405 1168 1577 1330 1752 1061 1827 1367 1036 1881 1113 1594 1359 1429 1515 1224 1499 1673 1222 1768 1747 1814 1711 1738 1091 1307 1310 1945 1760 1075 1477 1195 1693 1050 1871 1889 1647 1191 1883 1105 1548 1179 1314 1527 1499 1348 1903 1952 1411 1510 1821 1900 1101 1826 1019 1958 1343 1425 1261 1730 1554 1736 1623 1051 1689 1315 1961 1978 1305 1045 1734 1893 1140 1733 1269 1162 1542 1280 1585 1198 1894 1784 1729 1916 1565 1359 1964 1374 BCNSPRNW ULIB Ver.6.0+V

เปลี่ยนเป็นภาษาไทย

Change to English
 แสดงรายละเอียดบรรณานุกรม
  กลับหน้าหลัก

Brief Record : Get Marc (ISO 2709) : E-mail record : QR code < ปิดหน้าต่าง
LEADER : 00000nam 2200000uu 4500
001    13399112541
003     ULIB
008    110823s2552||||th 000 0 tha d
020    9786169005575
090    นว.^bว617พ 2552
100 0  วินุตตา
245 00 พิรุณลายไฟ/^cวินุตตา
250    พิมพ์ครั้งที่ 1
260    กรุงเทพฯ :^bอินเลิฟ,^c2552
300    255 หน้า
710 1  อินเลิฟ
945    ^p199^l0^i17065
995    กัณชพร
999     ^aใช้งานได้ทุกระบบ
รายการนี้ยังไม่มีแท็ก
คุณยังไม่ได้ล็อกอิน คุณสามารถมีกิจกรรมร่วมกับเว็บไซต์ได้ แต่ต้องล็อกอินก่อน ::
  ล็อกอิน

รายการสื่อสารสนเทศ

ลำดับที่ ประเภท เลขเรียก/บาร์โค้ด สถานที่ สถานะ
1. นวนิยาย
นวนิยาย
นว. ว617พ 2552  
  Barcode: 17065
ห้องสมุดวิทยาเขตสวรรค์ประชารักษ์
►นวนิยาย
บนชั้น
  ขอยืม

รายการใกล้เคียง
    ผู้แต่ง [วินุตตา]

BibComment


ยังไม่เคยถูกคอมเมนท์

คอมเมนท์ทรัพยากรรายการนี้
  คอมเมนท์: พิรุณลายไฟ วินุตตา


 Copyright 2026. Bcnsprnw @Library